OG Brainrot - Statistics

General Stats
  • This quiz has been taken 545 times
  • The average score is 14 of 21
Answer Stats
Hint Answer % Correct
A chunky rabbit Big Chungus
93%
"360 __ _____" No scope
93%
"He needs some ____" Milk
82%
Short form video app with notable creators like Thomas Sanders and David Dobrik Vine
77%
A phrase you may say while pointing at one's footwear What are those!?
77%
Brand of chips associated with memes at the time Doritos
76%
"Creeper? __ ___" Aw man
73%
A celebrity Shiba Inu dog typically accompanied by text Doge
73%
"Do you know __ ___?" Da wae
71%
Brand of soda associated with memes at the time Mountain Dew
69%
What a triangle may represent Illuminati (confirmed)
68%
"Oh baby a ______!" Triple
68%
What one might say when they throw an object far Yeet
68%
A pose in which one leans into a bent elbow and extends their opposite arm in parallel Dabbing
67%
"____! That's the wrong number!" Sike
65%
What does "MLG" stand for? Major League Gaming
64%
"Stop it, ___ ____ ____." Get some help
59%
Character who says the phrase above Ugandan Knuckles
59%
What does Shia LaBeouf say in front of a greenscreen? Just do it!
45%
A frog riding a unicycle Dat Boi
40%
"Rapper" that says the above Supa Hot Fire
34%
No matching quizzes found
Score Distribution
Percent of People with Each Score
Percentile by Number Answered
Your Score History
You have not taken this quiz